Why horses win; (Record no. 10828)

MARC details
000 -LEADER
fixed length control field 00741cam a22002291 4500
001 - CONTROL NUMBER
control field agr48000260
003 - CONTROL NUMBER IDENTIFIER
control field DLC
005 - DATE AND TIME OF LATEST TRANSACTION
control field 20260227111009.0
008 - FIXED-LENGTH DATA ELEMENTS--GENERAL INFORMATION
fixed length control field 851212s1948 nyua e 000 0 eng c
010 ## - LIBRARY OF CONGRESS CONTROL NUMBER
LC control number agr48000260
035 ## - SYSTEM CONTROL NUMBER
System control number (OCoLC)12897963
040 ## - CATALOGING SOURCE
Original cataloging agency U.S. Dept. of Agr. Libr.
Transcribing agency KyU
Modifying agency DLC
042 ## - AUTHENTICATION CODE
Authentication code premarc
050 00 - LIBRARY OF CONGRESS CALL NUMBER
Classification number SF335.U5
Item number H5
082 ## - DEWEY DECIMAL CLASSIFICATION NUMBER
Classification number 798.4
100 1# - MAIN ENTRY--PERSONAL NAME
Personal name Hill, Wycliffe Aber,
Dates associated with a name 1883-
245 10 - TITLE STATEMENT
Title Why horses win;
Remainder of title an encyclopedia of racing, containing the results of an analysis of 1,000 races and much other valuable information for the turf fan.
250 ## - EDITION STATEMENT
Edition statement [1st ed.]
260 ## - PUBLICATION, DISTRIBUTION, ETC.
Place of publication, distribution, etc. New York,
Name of publisher, distributor, etc. Rockport Press,
Date of publication, distribution, etc. 1948.
300 ## - PHYSICAL DESCRIPTION
Extent xii, 275 p.
Other physical details illus.
Dimensions 21 cm.
650 #0 - SUBJECT ADDED ENTRY--TOPICAL TERM
Topical term or geographic name entry element Horse racing
Geographic subdivision United States.

No items available.

Powered by Koha